00463 a2200169 450000100060000002000180000604000240002410000190004824000280006724500230009530000070011836200090012565000310013494200070016595201040017299900170027647831 a9788589894777 cAnchieta - Aquarius aOliveira, Jair10aGrandes pequeninoslpor10aGrandes pequeninos a400 a2010 4aLiteratura infanto-juvenil cBK 00104070a87.1b87.1d2023-11-21l0o028.5 OLI GRAp6876/AQUr2023-11-21 15:14:45w2023-11-21yBK c47831d47831